Biblioteca

El código del Apocalipsis (Registro nro. 71110)

Detalles MARC
000 -LÍDER
Campo fijo de descripción fija 01528nam a2200361 i 4500
001 - NÚMERO DE CONTROL
Campo de control 768714001
003 - IDENTIFICADOR DEL NÚMERO DE CONTROL
Campo de control CO-MdFUSB
005 - FECHA Y HORA DE LA ULTIMA TRANSACCIÓN
control field 20260424145406.0
007 - CAMPO FIJO DE DESCRIPCIÓN FIJA--INFORMACIÓN GENERAL
Campo fijo de descripción fija ta
008 - ELEMENTOS DE LONGITUD FIJA -- INFORMACIÓN GENERAL
Campo fijo de descripción fija -- Información general 241027t2008 -us||||| |||| 001 0 spa d
020 ## - NÚMERO INTERNACIONAL NORMALIZADO PARA LIBROS
Número Internacional Normalizado del libro 978-1-60255-037-7
040 ## - FUENTE DE CATALOGACIÓN
Idioma de catalogación spa.
Agencia de catalogación original CO-MdFUSB
Agencia que realiza la transcripción CO-MdFUSB
Agencia que realiza la modificación CO-MdFUSBC
Convenciones de la descripción rda
041 ## - CÓDIGO DE IDIOMA
Código de idioma para texto/pista de sonido o título separado spa
Código de idioma original eng
082 ## - NÚMERO DE CLASIFICACIÓN DECIMAL DEWEY
Número de la edición del Dewey 23
Número de clasificación 236.9
Clave de autor-Numero de item H241
100 ## - ASIENTO PRINCIPAL--NOMBRE PERSONAL
Nombre personal Hanegraaff, Hank,
Término relacionador autor
240 ## - TITULO UNIFORME
Título uniforme <a href="The apocalypse code. ">The apocalypse code. </a>
245 #3 - TÍTULO
Título del Material El código del Apocalipsis
Mención de responsabilidad, etc. / Hank Hanegraaff ; traducido por Hubert Valverde.
264 #1 - PRODUCCIÓN, PUBLICACIÓN, DISTRIBUCIÓN, MANUFACTURA, Y COPYRIGHT
Lugar de producción, publicación, distribución, manufactura Nashville, Tennessee :
Nombre del productor, publicador, distribuidor Grupo Nelson,
Fecha de producción, publicación, distribución, manufactura, o copyright [2008]
264 #4 - PRODUCCIÓN, PUBLICACIÓN, DISTRIBUCIÓN, MANUFACTURA, Y COPYRIGHT
Fecha de producción, publicación, distribución, manufactura, o copyright ©2008
300 ## - DESCRIPCIÓN FÍSICA
Extensión 303 páginas
Dimensiones ; 22 cm.
336 ## - TIPO DE CONTENIDO
Fuente rdacontent
Término de tipo de contenido texto
Código de tipo de contenido txt
337 ## - TIPO DE MEDIO
Fuente rdamedia
Nombre del tipo de medio sin mediación
Código del tipo de medio n
338 ## - TIPO DE SOPORTE
Fuente rdacarrier
Nombre del tipo de soporte volumen
Código Tipo de soporte nc
500 ## - NOTA GENERAL
Nota General Incluye índice temático, de pasajes bíblicos, bibliografía selecta, glosario
505 ## - NOTA DE CONTENIDO
Nota de contenido con formato preestablecido Escatología exegética: método vs. modelo -- Principio literal: leer la Biblia como literatura -- Principio de iluminación: iluminación fiel vs. imaginación fértil -- Principio gramatical: "depende del significado de la palabra" -- Principio histórico: realidades históricas vs. revisionismo histórico -- Principio tipológico: la llave de oro -- Sinergia de la Escritura: El descifrador del código
563 ## - NOTA DE ENCUADERNACIÓN
Nota de encuadernación Rústico
630 07 - TITULO UNIFORME
Nombre de parte o sección de la obra Apocalipsis
650 #7 - ASIENTO SECUNDARIO DE MATERIA - TERMINO TEMÁTICO
Término temático o nombre geográfico como elemento de entrada Escatología
9 (RLIN) 213
653 ## - TÉRMINO DE INDIZACIÓN - NO CONTROLADO
Término no controlado Apocalíptica
700 ## - ASIENTO SECUNDARIO - NOMBRE PERSONAL
Nombre personal Valverde, Hubert
9 (RLIN) 10907
Responsabilidad traductor
942 ## - TIPO DE MATERIAL (KOHA)
Tipo de Item KOHA Libros General
945 ## - INFORMACIÓN LOCAL DEL REGISTRO
Catalogador Catherine Arias Alvarez
Existencias
Estado de Material Estado de Perdido Forma de Clasificación Volumen-Parte/Tomo Estado de Dañado No para Préstamo Colección Tomo Biblioteca de Origen Biblioteca Permanente Fecha de Adquisición Total de Préstamos Signatura Topográfica Código de Barras Última vez visto Ejemplar/Existencia Fecha de Remplazo Tipo de Material Nota Pública
    Dewey Decimal Classification       Colección General   Biblioteca FUSBC Biblioteca FUSBC 28/10/2024   G 236.9 H241c 25194 27/10/2024 Ej. 1 27/10/2024 Libros General  
    Dewey Decimal Classification     Novedades Colección General   Biblioteca FUSBC Biblioteca FUSBC 28/10/2024   G 236.9 H241c 25195 27/10/2024 Ej. 2 27/10/2024 Libros General Libro ubicado en estante de novedades

Biblioteca FUSBC | Teléfono: (57+4) 349 88 10 Ext. 141| WhatsApp (+57) 3005338115 
E-mail: biblioteca@unisbc.edu.co | Calle 76 87-14 Robledo Palenque, Medellín, Colombia

Con tecnología Koha